000
00335nam a22001457a 4500
008
210309b ||||| |||| 00| 0 eng d
020
_a
9781455733255
041
_a
eng
080
_a
61
082
_2
61
100
_a
3
101
_a
SHM
245
_a
Insurance Handbook for the Medical Office
_c
Marilyn T.Fordney
942
_2
udc
_c
BK
999
_c
56081
_d
56081